Bioquímica y Patología Clínica (Registro nro. 1066)

Detalles MARC
000 -LEADER
fixed length control field 00644nas a22001817a 4500
008 - CAMPO DE CONTROL RECURSOS CONTINUADOS
fixed length control field 120705t19979999ag ||||| |||| 00| 0 spa d
022 ## - INTERNATIONAL STANDARD SERIAL NUMBER
International Standard Serial Number 15156761
245 ## - TITULO
Titulo Bioquímica y Patología Clínica
Mención de responsabildady, etc Asociación Bioquímica Argentina
260 ## - PUBLICACION, DISTRIBUCION, ETC. (PIE DE IMPRENTA)
Lugar de publicación, distribución, etc Buenos Aires :
Nombre de la editorial, distribuidor, etc. Asociación Bioquímica Argentina,
Fecha de publicación 1997
300 ## - DESCRIPCION FISICA
Extensión v. :
310 ## - FRECUENCIA ACTUAL DE LA PUBLICACION
Frecuencia actual de la publicación cuatrimestral
546 ## - NOTA DE IDIOMA
Nota de lenguaje Texto en español
590 ## - NOTAS LOCALES (RLIN)
Nota local Existencias: 2001 65(2,3); 2002 66(1-3); 2003 67(1-3); 2004 68(2,3)<br/>BAJA DEPOSITO (CAJA 17) MAYO 2019
590 ## - NOTAS LOCALES (RLIN)
Nota local Indizada en: Latindex, REDALYC, SciELO
650 ## - MATERIA-TERMINO TEMATICO
Término temático BIOQUIMICA
9 (RLIN) 1725
650 ## - MATERIA-TERMINO TEMATICO
Término temático MEDICINA INTERNA
9 (RLIN) 1738
942 ## - ADDED ENTRY ELEMENTS (KOHA)
Source of classification or shelving scheme Dewey Decimal Classification
Item type Continuing Resources

No hay ítems disponibles.


UNIVERSIDAD NACIONAL DEL COMAHUE
Biblioteca de la Facultad de Ciencias Médicas
Sede Toschi: Los Arrayanes y Av. Toschi, Cipolletti  - Rio Negro
Sede Los Tordos:  Yrigoyen al 2211, Cipolletti - Rio Negro 

Teléfono: 0299 - 4774707 int 25
Contacto: biblioteca@facimed.uncoma.edu.ar
© 2011 - 2026